000 01027naa a2200265 u 4500
001 06358
003 HDC
007 cr bn|---aauu|
008 210123e2008 xx | a z000 s eng d
040 _aHDC
100 _aY.B Dato' Dr. Abdullah bin Md. Zin
_96718
245 0 _aMajlis Pelancaran e-Halal /
_cby Y.B Dato' Dr. Abdullah bin Md. Zin
260 _a[No place] :
_b[publisher not identified],
_c2006
300 _a4 pages
336 _atext
_2rdacontent
337 _acomputer
_2rdamedia
338 _aonline resource
_2rdacarrier
650 _aE-Halal
_96720
650 _aHalal industry
_9144
650 _aPameran e- Halal
_96719
856 _zRequest full-text at [email protected]
856 _zRequest full-text at [email protected]
942 _2lcc
942 _cSPE
999 _c3682
_d3682